Statistics for Ultimate Diary of a Wimpy Kid Quiz Pt.2 Rodrick Rules

Click here to take the quiz!

General Stats

  • This quiz has been taken 41 times
  • The average score is 11 of 133

Answer Stats

HintAnswer% Correct
Who managed to get ahold of Gregs last journal?Rodrick
92%
Who would pick Greg up after swimming practice?Rodrick
50%
What did Gregs dad make Greg do?Join the Swim Team
33%
During the summer holiday, Rowley goes overseas for a holiday. Which continent did Greg think he visited?South America
33%
Where did he force Greg to sit?The Back
33%
Who was the smartest kid in the class that also happened to be who Greg sat next to?Alex Aruda
29%
What is the name of a European pop star that Rowley becomes a fan of?Joshie
29%
What award did Greg manage to win?Most Improved
29%
What was the other place Greg mentions he visited?Australia
25%
Who is the lead singer of Rodricks Band?Bill Walter
25%
One of Greg's schoolmates moved out for a short time but returned. What was his name?Chirag Gupta
25%
Who does Rodrick get to type out his essays for him?Dad
25%
Who is Greg's History teacher that also taught Rodrick?Mr Huff
25%
Who is the weak link in the prank?Rowley
25%
What was the name of the dog Greg had to look after during the summer?Princess
21%
When did Greg have to be at the pool by?7:30AM
17%
Gregs dad regularly goes down into the furnace room after dinner. What is he working on?Miniature Civil War Battlefield
17%
Whenever they are meant to do the dishes, Rodrick hides out in the bathroom. Whenever his parents get angry at him, what is his excuse?My body is on a schedule
17%
What was Gregs first class of the year?Pre Algebra
17%
What has Greg's mum forced him and Rodrick to do every night?The Dishes
17%
When Rodrick does band practice, where does Greg and his father go?The Mall
17%
How much real money was One of these worth?1 Cent
13%
How much did the owners offer to pay to Greg daily to look after the dog?$5
13%
What did Greg do to it?Ate small bits off it prematurely
13%
Who was usually Rowley's babysitter?Heather Hills
13%
When Greg went to Rowley's birthday, what game did they play?Hide and Seek
13%
What does Rodrick do instead?Lock Greg in the basement
13%
What job did Rowley get?Nurse
13%
During the last time Greg went to Rowleys house they devised a secret code. What was it?Put Pa after every word
13%
Who is Rowley's partner for the Talent Show?Scotty Douglas
13%
Manny draws a picture of two people fighting which turns out to be Greg and Rodrick. What were they fighting over?The TV Remote
13%
How much was Greg actually paid?$0
8%
Which equated to?$10
8%
How much does she say she will pay them in Mum bucks per bag filled?$100
8%
How much were Greg and Rodrick initially given?$1000
8%
When Rowley came back from the bathroom, he would kick a pillow. What did Greg decide to put under the pillow?A dumbbell
8%
What did they have to replace as a result of vandalism?Bathroom door
8%
When Greg gets back to school, everyone is avoiding him. Why?Because he still has The Cheese Touch
8%
Why did Greg and the swim team only have two lanes to practice in?Because swin practice was on at the same time as Water Jazz
8%
How does he rectify this problem?By passing it on to Jeremy Pindle
8%
During this day, each of the students have to fill out a questionnaire to determine their future careers. What job did Greg get?Clerk
8%
What does Rodrick tell everyone is his profession?Drummer
8%
Who got Sanitation Worker?Edward Mealey
8%
What was the desert that Greg's mum put ontop of the fridge a week before Christmas?Gingerbread House
8%
Ever since Career day, who does Rowley sit with during lunch?Girls
8%
What did Greg think would be a cool tool to copy off brainy students?Glass Eye
8%
What plan did Greg devise to get out of swim practice?Go to the bathroom and never come out
8%
What has Rowley been doing that irritates Greg?immitating
8%
For Greg's French class, he has to write to and correspond with Pen Pals. What is the name of his Pen Pal?Je m'appellle Philippe
8%
Who is Rowleys new babysitter?Leland
8%
When Rowley came over for a sleepover, who else joined them?Manny
8%
What was the name of the initiative that Gregs mum created as a means for him and Rodrick to earn some cash?Mum Bucks
8%
Does Greg Accept?No
8%
Do they make the tryouts?No
8%
What did Manny go to for the first time?Preschool
8%
For Greg's book report, he milks the same book every time. What is it called?Sherlock Sammy Does It Again
8%
What was one of Greg's biggest fears when competing for the swim team?That the bullet fired from the gun would land on him
8%
How much time does he spend down there minimum?Three Hours
8%
Who was the first friend of Rodricks to walk in?Ward
8%
What dish does grandpa make that Greg hates?Watercress Salad
8%
When he goes back to Rodrick to buy the paper, what is Rodrick's new price?$20
4%
When that fails, Rodrick offers Greg his old assignment. What is his price?$5
4%
What does uncle Joes kids call Greg's dad?Aunt Frank
4%
During Thanksgiving, who always shows up two hours early?Aunt Loretta
4%
What did Greg tie onto his leg as an experiment to see how far Rowley would go?Bandana
4%
Who does he go to first for help?Dad
4%
What was one of the gifts Rowley's parents got him?Diary
4%
What was Rodrick's Science Fair project called?Do Plants Sneeze
4%
What were Manny's classmate celebrating on this day?Halloween
4%
What was written on the thing they replaced?Hi Rodrick
4%
What reward does gramma offer once the job is done?Hot Chocolate
4%
Greg buys the same type of diary Rowley has. What part of that does he actually intend on using?Key
4%
Who won the Grand Prize?Leland
4%
What game did Greg play with Rowley and the new babysitter?Magick and Monsters
4%
What was the animal that Greg had to do for his Science essay?Moose
4%
Who decided to come with Greg one day to watch them play the game?Mum
4%
Did this actually happen?No
4%
When Greg starts researching at midnight, what happens?Power Outage
4%
One Saturday, Gregs mum sends him and Rodrick over to grammas house to do a chore. What is the chore?Raking leaves
4%
Who did she actually want Greg to play with?Rodrick
4%
What item of clothing was Greg being made fun of for wearing during swimming practise?Speedos
4%
What did it say on the front?Sweet Secrets Diary
4%
For Greg's first pen pal letter, what does he ask from his pen pal?That they both write in English
4%
Where did Greg go?The Ball Pit
4%
When his history assignment is due the next day, what is he counting on?The Snow cancelling school
4%
In what Quantity?$100,000
0%
How long did the class last?15 minutes
0%
How much did Gregs mum spend on the game after the next day of school?$200
0%
What is it in the alternate currency?$20,000
0%
What was the date in the picture?27/10
0%
What was the longest time that Rodrick slept for?36 hours
0%
What time did the show start?7:00
0%
What did he find there?A kid from another party
0%
What did Greg have to write for his English assignment?Allegory
0%
Becuase of this, Greg is forced to help Rowleys partner in the winter tryout. What is his role?Assistant
0%
As a result, what happens to Rowley?Broken Big Toe
0%
How did the prank end?Chirag complained to the principal
0%
What was the punishment?Clean the garage
0%
As a result what does he give Greg in order to get cash from his mum?Drumming lessons
0%
During the next lesson, Greg and Rowley kept messing up. What did Rodrick do as a result?Drum Solo
0%
Each year, the teachers hold a career day for the students to consider their future. What was the profession of the man in the cartoon image?Electrical Engineer
0%
When he does this, what does he find?Entries on his toy dinosaurs
0%
What do his schoolmates think he did?Go into the Girls bathroom and take pictures
0%
What is the name of one of the board games that grandpa makes Greg and Rodrick play with him?Gutbusters
0%
What was Gregs secret?He Accidentaly ran into the ladys bathroom at grandpas condo
0%
What was one of the gifts he recieved from a person?Headband with Stealthinator written on it
0%
When the TV program for the show got to Rodrick's band's performance, what did they focus on?His mum dancing
0%
When Rodrick and his band watched the clip of his act that his mum filmed, what was wrong with it at first?His mum was talking over it
0%
Because Greg refused to film Rodricks performance, what happens?His Secret Gets Out
0%
Gregs parents decide to go away for one night. What does Rodrick do?Hold a party
0%
What is on the note that Gregory wrote to Gramma when he was six?I hate you gramma
0%
What was Manny's excuse for wrecking Greg's possesions?I'm Ownwy Three
0%
In Rodrick's words, what was their homework?Listen to some music with drums in it
0%
What offense does Greg's mum threaten to ground him a month for?lying
0%
When Greg is at Rowley's house playing board games, what does he discover when Rowley is in the bathroom?Mum Bucks
0%
What was Rodrick's punishment?No leaving the house for a month
0%
What was Greg's punishment?No video games for two weeks
0%
What was his act?Puppeteer
0%
How does Greg's mum find out about the currency he took from Rowley's?Rodrick tried to cash it all in to buy a motorcycle
0%
What was the title of the Comic Greg made for his assignment?Rory Screws Up
0%
What new nickname does Greg get as a result?Stealthinator
0%
What does Rodrick tell Greg to get more of?Tables
0%
When Greg and his father returned home, what did they see?Teenagers loitering
0%
What Era in history does Greg have to write a poem about?The 1900's
0%
Then what happened during Rodricks drum solo?The Camera started shaking
0%
What was the big mistake that the principal made?The identity
0%
What does greg write a comedy skit for tryouts to?The Winter Talent Show
0%
Some students decided to pull a prank on him. What was their prank?They pretended he was still gone
0%
Why?To access Rowley's diary
0%
How long did Rodrick's punishment actually last for?Two weeks
0%
Who were the last ones to show up?Uncle Joe and his kids
0%
How many leaves was Greg putting into the bag according to Rodrick?Way too many
0%
How does Gregs family find out about Rodricks incident?When Gregs Dad gets the pictures for thanksgiving
0%

Score Distribution

Percentile by Number Answered

Percent of People with Each Score

Your Score History

You have not taken this quiz